Normal view
MARC view
Entry Topical Term
001 - CONTROL NUMBER
- control field: 92001
003 - CONTROL NUMBER IDENTIFIER
- control field: OSt
005 - DATE AND TIME OF LATEST TRANSACTION
- control field: 20230424113438.0
008 - FIXED-LENGTH DATA ELEMENTS
- fixed length control field: 230424|| aca||aabn | a|a d
040 ## - CATALOGING SOURCE
- Original cataloging agency: OSt
- Transcribing agency: OSt
150 ## - HEADING--TOPICAL TERM
- Topical term or geographic name entry element: Mathematics
670 ## - SOURCE DATA FOUND
- Source citation: Work cat.: (OSt)170111: TRIPATHI (Akhilesh mani);KUSHWAHA (Sunil) 92000, Truemans specific series UGC-CSIR NET/JRF Mathematical sciences, 2019